| 000 | 01469 a2200229 4500 | ||
|---|---|---|---|
| 001 | 41115 | ||
| 005 | 20260407155705.0 | ||
| 008 | 260407a1995 arg spa d | ||
| 003 | AR-UNSa-BCEJYS | ||
| 040 |
_aAR-UNSa-BCEJYS _bspa _cAR-UNSa-BCEJYS |
||
| 080 |
_a343.148 _xPeritos. Testigos cualificados. Testimonio de expertos (Procedimiento penal. Investigación criminal) |
||
| 245 | 1 | 0 | _aVademécum práctico del perito médico |
| 020 | _a950-894-009-3 | ||
| 264 | 1 |
_aBuenos Aires : _bAD-HOC _c1995 |
|
| 300 |
_a186 p. _c22 cm. |
||
| 505 | _a1. Introducción - 2. Objetivos del manual - 3. Qué es un perito. Concepto - 4. El perito médico - 5. Clases de perito - 6. Las condiciones del perito médico - 7. La responsabilidad del perito médico - 8. Designación, excusación y recusación de peritos - 9. Obligaciones y derechos de los peritos. Falso - 10. El procedimiento pericial - 11. Qué es una peritación - 12. Características de una peritación - 13. El informe pericial medicolegal - 14. Modalidades específicas de peritación medicolegal - 15. El baremo - 16. Las incapacidades laborativas - 17. La prueba pericial - 18. Coincidencia y disidencia de peritos en el informe pericial - 19. Las etapas del proceso judicial | ||
| 041 | _aspa | ||
| 942 | _cBK | ||
| 590 | _aniveau_biblio:m niveau_hierar:0 | ||
| 100 | 1 | _aDambrosi, Guillermo Ricardo | |
| 856 | 4 | 1 |
_uhttps://biblioeco.unsa.edu.ar/pmb/images/libros/L126379.jpg _yImagen de portada _qimage/jpeg |
| 999 |
_c3383 _d3383 |
||